| 000 | 00695pam a2200241 a 4500 | ||
|---|---|---|---|
| 001 | 2909942 | ||
| 005 | 20180302034606.0 | ||
| 008 | 880623s1989 mouaf b 001 0 eng c | ||
| 010 | _a 88013257 | ||
| 020 | _a0801632463 | ||
| 040 |
_aDNLM/DLC _cDLC _dDLC |
||
| 041 | _aeng | ||
| 060 | _aWY 150 M48933 | ||
| 080 | _a610.73 long | ||
| 082 | 0 | 0 |
_a610.73 long _219 |
| 100 | _a2 | ||
| 101 | _ashk | ||
| 245 | 0 | 0 |
_aMedical-surgical nursing : _cedited by Barbara C. Long, Wilma J. Phipps. |
| 504 | _aIncludes bibliographies and index. | ||
| 906 |
_a7 _bcbc _corignew _d1 _eocip _f19 _gy-gencatlg |
||
| 942 |
_2ddc _cBK |
||
| 999 |
_c43937 _d43937 |
||